000
00446nam a2200169Ia 4500
008
090711s9999 xx 000 0 und d
082
_b
62220
100
_a
पाटील शं. ना.
245
_a
रु पाली
260
_c
1988
300
_a
150
600
_a
पाटील शं. ना.
630
_a
रु पाली
700
_a
पाटील शं. ना.
730
_a
रु पाली
942
_c
BOOK
999
_c
295228
_d
295228